000 00767nam a2200253Ia 4500
003 OSt
005 20220926004522.0
006 a|||||r|||| 00| 0
007 ta
008 220923b |||||||| |||| 00| 0 eng d
020 _a9788170336952
_c795.00
037 _b3062, 31/01/2019, R K Books
_cGeneral Book
040 _aRTL
_cRTL
_beng
041 _2eng
_aeng
082 _aY592-72.2731, P1
100 _aSHARMA K L
_9133476
245 0 _aReconceptualising caste, class and tribe
260 _a New Delhi
_bRawat Publication
_c2001
300 _a232p
_ccm.
500 _aBibliography chapterwise
650 _aGeography
942 _hY592-72.2731, P1
_cGB
_2CC
999 _c611433
_d611433